00152nam a22000737a 4500082001100000100002100011245003700032300000900069 a297.16 aThomas W. Arnold aThe spread of islam in the world a467p